Potvrdenie prirodzenosti

Bibliographic Details
Main Author: Cifra, Matej, 1979- (Author)
Format: Article
Language:Slovak
ISSN:0231-6714
Subjects:

MARC

LEADER 00000nab a2200000 a 4500
001 vtls000659221
003 SK-MaSNL
005 20260304094924.0
008 250425c1998 xo 0 slo
015 |a SNBRB1998/05-13154 
035 |a CLN000011413 
035 |a urn:nbn:sk:snk-abbrrd 
035 |a (urnnbn)urn:nbn:sk:snk:ar-0000d3 
035 |a (uuid)ab7b28d1-da00-4781-b255-5a78a46420ab 
040 |a SNKBUCL  |b slo  |c SNKBUCL  |e AACR2 
041 0 |a slo 
044 |a xo  |c SK 
080 |a 82.09:885.4-3(048)  |2 1997 
080 |a 885.4-3(048)  |2 1997 
100 1 |a Cifra, Matej,  |d 1979-  |4 aut  |9 14144 
245 1 0 |a Potvrdenie prirodzenosti  |c Matej Cifra 
650 0 7 |a psychologické poviedky, slovenské  |x recenzie  |2 snkbucl  |9 70027 
655 7 |a články z novín a časopisov  |2 snkbucl  |9 267496 
773 0 |t Romboid  |g Roč. 33, č. 3 (1998), s. 72-73  |x 0231-6714 
787 0 8 |i Rec.:  |a Mojžišová, Zuzana, 1965-  |t Afrodithé  |d Levice : L.C.A., 1997 
850 |a Slovenská národná knižnica 
852 |a Slovenská národná knižnica 
958 |a article15 
958 |a LX 
958 |a SK 
958 |a OND 
958 |a EUIPO 
992 |a RBX 
999 |c 2829705  |d 2831635